| 000 | 00622nam a22002177a 4500 | ||
|---|---|---|---|
| 003 | OSt | ||
| 005 | 20260218075058.0 | ||
| 008 | 260218b |||||||| |||| 00| 0 eng d | ||
| 020 | _a971-685-682-8 | ||
| 040 |
_aDWCL-Main Lib _cOC |
||
| 082 | _aProf. 371.102 L933 2007 | ||
| 100 | _aLucas, Maria Rita D. | ||
| 245 | _aFacilitating learning : a metacognitive process | ||
| 260 |
_aQuezon City : _b Lorimar Publishing, _cc2007 |
||
| 300 |
_aix, 228 p. : _b ill. ; _c26 cm |
||
| 504 | _a1. Includes references. | ||
| 650 | _aEducations. | ||
| 650 | _aTeachers. | ||
| 650 | _aTeaching. | ||
| 942 |
_2ddc _cPROF. _mProf. _n0 |
||
| 999 |
_c8442 _d8442 |
||